00513cam a22001931 4500001001300000003000400013005001700017008004100034010001700075035002000092040001900112042001200131050001500143060002300158100002100181245006900202260002500271300002300296med47002333 DLC20260227111605.0810815s1941 xx a 000 0 fre  amed47002333  a(OCoLC)14721242 aDLCcDNLMdDLC apremarc00aRC661b.W30 aWH 312bW215p 19411 aWallois, Edmond.14aLes purpuras inflammatoires;bnotes cliniques d'un praticien ... aParis,bDoin,c1941. a114 p., 1 l.bill.